MARC details
| 000 -CABECERA |
| campo de control de longitud fija |
01882cam a2200277Mi 4500 |
| 001 - NÚMERO DE CONTROL |
| campo de control |
10061482 |
| 003 - IDENTIFICADOR DEL NÚMERO DE CONTROL |
| campo de control |
CaAEU |
| 005 - FECHA Y HORA DE LA ÚLTIMA TRANSACCIÓN |
| campo de control |
20251022142553.0 |
| 008 - DATOS DE LONGITUD FIJA--INFORMACIÓN GENERAL |
| campo de control de longitud fija |
211224s2022 enka b 0|1 0 eng d |
| 020 ## - NÚMERO INTERNACIONAL ESTÁNDAR DEL LIBRO |
| Número Internacional Estándar del Libro |
9781399402132 |
| 035 ## - NÚMERO DE CONTROL DEL SISTEMA |
| Número de control de sistema |
on1342542472 |
| 040 ## - FUENTE DE LA CATALOGACIÓN |
| Centro catalogador/agencia de origen |
YDX |
| Lengua de catalogación |
eng |
| Centro/agencia transcriptor |
YDX |
| Centro/agencia modificador |
AEKC |
| 041 ## - CÓDIGO DE LENGUA |
| Código de lengua del texto/banda sonora o título independiente |
eng |
| 050 ## - SIGNATURA TOPOGRÁFICA DE LA BIBLIOTECA DEL CONGRESO |
| Número de clasificación |
HF5718.3 |
| Número de documento/Ítem |
W76 2022 |
| 110 ## - ENTRADA PRINCIPAL--NOMBRE DE ENTIDAD CORPORATIVA |
| Nombre de entidad corporativa o nombre de jurisdicción como elemento de entrada |
Bloomsbury (Firm) |
| Término indicativo de función/relación |
publisher |
| 9 (RLIN) |
26264 |
| 245 00 - MENCIÓN DE TÍTULO |
| Título |
Writing skills for business |
| Resto del título |
: how to communicate clearly to get your message across. |
| 260 ## - PUBLICACIÓN, DISTRIBUCIÓN, ETC. |
| Lugar de publicación, distribución, etc. |
London : |
| Nombre del editor, distribuidor, etc. |
Blomsbury Business, |
| Fecha de publicación, distribución, etc. |
2022. |
| 300 ## - DESCRIPCIÓN FÍSICA |
| Extensión |
95 pages : |
| Otras características físicas |
illustrations ; |
| Dimensiones |
18 cm. |
| 490 ## - MENCIÓN DE SERIE |
| Mención de serie |
Business essentials |
| 504 ## - NOTA DE BIBLIOGRAFÍA, ETC. |
| Nota de bibliografía, etc. |
Includes bibliographical references and index. |
| 505 0# - NOTA DE CONTENIDO CON FORMATO |
| Nota de contenido con formato |
Assess yourself: How good are your writing skills? — Why being good at writing matters — Communicating with purpose — Knowing your audience — Some types of written communication — Layout and formatting — Adopting the right tone and style — Grammar, punctuation and spelling — Recap: Writing rules - essential dos — Checking and editing your work. |
| 520 ## - SUMARIO, ETC. |
| Sumario, etc. |
Everything you need to know about writing for business -- from working out the mesage you want to send, to understanding your audience. As everyone adjusts to new ways of working, using words to engage, inform, persuade, or sell to others is increasingly important. Writing Skills for Business is packed full of quick tips and nuggets of advice on how to communicate better in your writing. From understanding the needs of your intended audience, to selecting the right layout and the most persuasive tone and style, this new guide will help you produce the most effective communications -- whether that's internal reports, business plans, team briefings, social media posts or presentations. |
| 650 #0 - PUNTO DE ACCESO ADICIONAL DE MATERIA--TÉRMINO DE MATERIA |
| Término de materia o nombre geográfico como elemento de entrada |
Business writing |
| 9 (RLIN) |
5535 |
| 650 #0 - PUNTO DE ACCESO ADICIONAL DE MATERIA--TÉRMINO DE MATERIA |
| Término de materia o nombre geográfico como elemento de entrada |
Communication in management |
| 9 (RLIN) |
2095 |
| 942 ## - ELEMENTOS DE ENTRADA AGREGADA (KOHA) |
| Fuente del sistema de clasificación o colocación |
Clasificación de Library of Congress |